000 00636nam a22002297a 4500
003 OSt
005 20140310181800.0
008 130702t xxu||||| |||| 00| 0 eng d
020 _a9780545053334
050 _aAG 243
_b.Z34 2008
082 _aREF 031
_bSc6 2008
245 _aZany miscellany : a mixed-up encyclopedia of fun facts! /
_cScholastic.
260 _aNew York :
_bScholastic,
_cc2008.
300 _a112 p. :
_bill. col. ;
_c25 cm. :
500 _aBook Reward
520 _a1. Encyclopedia.
521 _aBasic ed. students
541 _j1
541 _j2
562 _e2
942 _2lcc
_cBK-GR
_kREF
999 _c3590
_d3590